[Event "OLNN 2223 Schachfreunde HH - SV Bad Schw"]
[Site "?"]
[Date "2023.04.23"]
[Round "8.6"]
[White "Mix, Clemens"]
[Black "Schwarz, Oliver"]
[Result "1/2-1/2"]
[WhiteElo "2032"]
[BlackElo "2075"]
[PlyCount "86"]
[EventDate "2023.??.??"]

1. d4 d5 2. c4 e6 3. Nf3 Nf6 4. g3 c6 5. Bg2 Bd6 6. Nc3 O-O 7. O-O Nbd7 8. Nd2 Re8 9. e4 dxe4 10. Ndxe4 Be7 11. b3 h6 12. Bb2 a6 13. h4 Rb8 14. Qd2 Qc7 15. Rac1 Qd8 16. Rfd1 Bb4 17. a3 Ba5 18. b4 Bc7 19. Qc2 Qe7 20. Qb3 Nb6 21. Nc5 Nbd7 22. Re1 Nxc5 23. dxc5 Qf8 24. Rcd1 e5 25. Qc2 Bg4 26. f3 Bh5 27. Ne4 Nxe4 28. Qxe4 Bg6 29. Qe3 Re7 30. Rd2 Rbe8 31. Red1 f5 32. Rd7 Qf7 33. Rxe7 Rxe7 34. Bf1 e4 35. f4 Bh5 36. Rd2 Rd7 37. Rxd7 Qxd7 38. Qd4 Qxd4+ 39. Bxd4 Kf7 40. Kf2 Bd8 41. Ke3 g5 42. hxg5 hxg5 43. Bh3 g4 {(=)} 1/2-1/2

[Event "OLNN 2223 Schachfreunde HH - SV Bad Schw"]
[Site "?"]
[Date "2023.04.23"]
[Round "8.7"]
[White "Mueller, Friedrich"]
[Black "Gremmel, Jonas Simon"]
[Result "1/2-1/2"]
[WhiteElo "1955"]
[BlackElo "2057"]
[PlyCount "95"]
[EventDate "2023.??.??"]

1. Nf3 d5 2. g3 Nf6 3. Bg2 Bf5 4. O-O e6 5. c4 c6 6. b3 Nbd7 7. Bb2 Be7 8. d3 h6 9. Nbd2 O-O 10. Re1 Bh7 11. Rc1 Rc8 12. Rc2 Re8 13. Qa1 Bd6 14. Rec1 c5 15. Ne1 b6 16. e4 d4 17. f4 e5 18. f5 g6 19. fxg6 fxg6 20. Nef3 Rf8 21. Nf1 Qe7 22. h3 Nh5 23. Rf2 Rf7 24. Rcc2 Rcf8 25. Qd1 Ng7 26. N1h2 Ne6 27. Ng4 Kg7 28. Bc1 g5 29. Rf1 Bg6 30. Rcf2 Bh5 31. Nfh2 Rxf2 32. Rxf2 Rxf2 33. Kxf2 Qf6+ 34. Bf3 Bg6 35. Kg2 Nb8 36. Nf2 Nc6 37. Bd2 Nb4 38. a3 Nc6 39. Bg4 Ne7 40. Bxe6 Qxe6 41. Qg4 Qxg4 42. Nhxg4 Bh5 43. Nh2 Bf7 44. Nf3 Kg6 45. g4 h5 46. Kf1 Be8 47. Ke2 a5 48. a4 1/2-1/2

[Event "OLNN 2223 Schachfreunde HH - SV Bad Schw"]
[Site "?"]
[Date "2023.04.23"]
[Round "8.8"]
[White "Kull, Florian"]
[Black "Pulter, Felix"]
[Result "1-0"]
[WhiteElo "2112"]
[BlackElo "1685"]
[PlyCount "49"]
[EventDate "2023.??.??"]

1. Nf3 Nf6 2. c4 g6 3. g3 Bg7 4. Bg2 O-O 5. O-O d6 6. Nc3 e5 7. d3 c6 8. Rb1 Nh5 9. Bg5 f6 10. Bd2 f5 11. b4 f4 12. b5 g5 13. bxc6 Nxc6 14. Nd5 g4 15. Ne1 Nd4 16. e3 Nc6 17. exf4 exf4 18. Nxf4 Nxf4 19. Bxf4 Rxf4 20. gxf4 Qh4 21. Qe2 Bf5 22. Rxb7 Nd4 23. Rxg7+ Kxg7 24. Qb2 Qf6 25. Qb7+ 1-0

[Event "OLNN 2223 SK Johanneum Eppendorf - Schac"]
[Site "?"]
[Date "2023.05.07"]
[Round "9.1"]
[White "Nedic, Dusan"]
[Black "Wedberg, Tom"]
[Result "1/2-1/2"]
[WhiteElo "2308"]
[BlackElo "2378"]
[PlyCount "22"]
[EventDate "2023.??.??"]

1. d4 Nf6 2. c4 e6 3. g3 d5 4. Nf3 Bb4+ 5. Bd2 Bd6 6. Bg2 O-O 7. O-O c6 8. Qc2 Nbd7 9. Rd1 Ne4 10. Nc3 f5 11. c5 Bc7 {(=)} 1/2-1/2

[Event "OLNN 2223 SK Johanneum Eppendorf - Schac"]
[Site "?"]
[Date "2023.05.07"]
[Round "9.8"]
[White "Wirthgen, Peter"]
[Black "Dietz, Juergen"]
[Result "1/2-1/2"]
[WhiteElo "2119"]
[BlackElo "2132"]
[PlyCount "20"]
[EventDate "2023.??.??"]

1. d4 e6 2. c4 f5 3. g3 Nf6 4. Bg2 Be7 5. Nf3 O-O 6. O-O d6 7. Nc3 Ne4 8. Nxe4 fxe4 9. Nd2 d5 10. f3 e3 {(=)} 1/2-1/2

[Event "OLNN 2223 Preetzer TSV - Lübecker SV"]
[Site "?"]
[Date "2023.05.07"]
[Round "9.2"]
[White "Moeller, Dustin"]
[Black "Schmidt, Harald"]
[Result "1-0"]
[WhiteElo "2232"]
[BlackElo "2350"]
[PlyCount "87"]
[EventDate "2023.??.??"]

1. c4 c5 2. g3 g6 3. Bg2 Bg7 4. Nc3 Nc6 5. Nf3 Nf6 6. d4 cxd4 7. Nxd4 O-O 8. O-O d6 9. Nxc6 bxc6 10. Bxc6 Bh3 11. Bxa8 Qxa8 12. f3 Bxf1 13. Kxf1 Rc8 14. Qd3 Qc6 15. Be3 Nd7 16. Nd5 Kf8 17. Bg5 f6 18. Bf4 f5 19. Bg5 Re8 20. Qc2 e6 21. Nb4 Qb6 22. Nd3 e5 23. e4 Kg8 24. Kg2 Nf8 25. Re1 Rc8 26. b3 a5 27. Be3 Qc6 28. Nf2 a4 29. Rb1 axb3 30. axb3 Rb8 31. b4 Ne6 32. b5 Qc8 33. Qd3 f4 34. Bd2 fxg3 35. hxg3 Nd4 36. Be3 h5 37. Bxd4 exd4 38. e5 dxe5 39. Ne4 Ra8 40. Qb3 Qf5 41. c5+ Kh7 42. b6 h4 43. Rh1 Bh6 44. b7 1-0

[Event "OLNN 2223 Preetzer TSV - Lübecker SV"]
[Site "?"]
[Date "2023.05.07"]
[Round "9.3"]
[White "Bornholdt, Joa Max"]
[Black "Schwarz, Frank"]
[Result "1-0"]
[WhiteElo "2250"]
[BlackElo "2236"]
[PlyCount "161"]
[EventDate "2023.??.??"]

1. d4 Nf6 2. Nf3 d5 3. g3 e6 4. Bg2 Be7 5. O-O O-O 6. c4 c6 7. Qc2 Nbd7 8. Nbd2 b6 9. Rd1 Bb7 10. e4 Rc8 11. b3 Qc7 12. Bb2 Rfd8 13. Rac1 Qb8 14. Re1 Bf8 15. Rcd1 Qa8 16. Ne5 g6 17. Nxd7 Nxd7 18. h4 Bg7 19. h5 a5 20. Bh3 a4 21. b4 Nf6 22. hxg6 hxg6 23. c5 a3 24. Ba1 bxc5 25. bxc5 Rc7 26. e5 Ne8 27. Re3 Bc8 28. Nb1 Ra7 29. Rdd3 Nc7 30. Rxa3 Ba6 31. Nd2 Bh6 32. f4 Bb5 33. Qc1 Ba4 34. Bf1 g5 35. Rf3 gxf4 36. gxf4 Kf8 37. Rh3 Bg7 38. Raf3 Ne8 39. a3 Rb8 40. Bc3 Rab7 41. Bb4 Rxb4 42. axb4 Rxb4 43. Qa1 Qb8 44. Ra3 Bc2 45. Rhc3 Rb2 46. Rab3 Rxb3 47. Nxb3 Be4 48. Qa6 Bh6 49. Qb6 Qc8 50. Na5 Bxf4 51. Nxc6 f6 52. Bh3 Qa8 53. Na7 fxe5 54. Ra3 exd4 55. Nb5 Qb8 56. Qxb8 Bxb8 57. Nxd4 Be5 58. Nxe6+ Ke7 59. Ra7+ Kf6 60. Kf1 d4 61. Ke1 Bd5 62. Nf8 Bg3+ 63. Ke2 Nc7 64. Nd7+ Kg5 65. Ra4 Nb5 66. Kd3 Bf2 67. Nb6 Bc6 68. Bd7 Bxd7 69. Nxd7 Kf5 70. Ra6 Be3 71. Rf6+ Kg5 72. Rb6 Nc7 73. Ke4 Bf2 74. Ne5 Be3 75. Rg6+ Kh5 76. c6 Nb5 77. Rg7 Nd6+ 78. Kd5 Nc8 79. Nd3 Bg5 80. Ke6 Kg4 81. Rg8 1-0

[Event "OLNN 2223 Preetzer TSV - Lübecker SV"]
[Site "?"]
[Date "2023.05.07"]
[Round "9.4"]
[White "Skibbe, Willi"]
[Black "Christ, Ralf"]
[Result "1/2-1/2"]
[WhiteElo "2182"]
[BlackElo "2237"]
[PlyCount "50"]
[EventDate "2023.??.??"]

1. d4 c5 2. dxc5 e6 3. Nd2 Bxc5 4. Ne4 Bb4+ 5. c3 d5 6. cxb4 dxe4 7. Qxd8+ Kxd8 8. Bf4 Nf6 9. O-O-O+ Bd7 10. e3 Nc6 11. b5 Nb4 12. Bd6 Rc8+ 13. Kb1 Nd3 14. Bxd3 exd3 15. Rxd3 Bxb5 16. Rd1 Ne4 17. Bb4+ Kc7 18. Nh3 Rhd8 19. f3 Nf6 20. Ng5 Bd3+ 21. Ka1 Bg6 22. e4 h6 23. Nh3 e5 24. Be7 Rxd1+ 25. Rxd1 Ne8 1/2-1/2

[Event "OLNN 2223 Preetzer TSV - Lübecker SV"]
[Site "?"]
[Date "2023.05.07"]
[Round "9.5"]
[White "Krause, Ullrich"]
[Black "Willsch, Matthias"]
[Result "1-0"]
[WhiteElo "2182"]
[BlackElo "2105"]
[PlyCount "55"]
[EventDate "2023.??.??"]

1. Nf3 d5 2. g3 c5 3. Bg2 Nf6 4. O-O Nc6 5. d4 e6 6. c4 dxc4 7. dxc5 Qxd1 8. Rxd1 Bxc5 9. Nbd2 c3 10. bxc3 O-O 11. Nb3 Be7 12. Nfd4 Rd8 13. Bg5 Bd7 14. Nxc6 Bxc6 15. Bxc6 bxc6 16. c4 Kf8 17. Na5 Rac8 18. Bxf6 Bxf6 19. Rab1 Ke8 20. e3 Bc3 21. Rxd8+ Kxd8 22. Nb7+ Ke7 23. Nc5 Be5 24. f4 Rb8 25. Rxb8 Bxb8 26. Na6 c5 27. Nxc5 e5 28. Na6 1-0

[Event "OLNN 2223 Preetzer TSV - Lübecker SV"]
[Site "?"]
[Date "2023.05.07"]
[Round "9.6"]
[White "Schwarzat, Julian"]
[Black "Ehrke, Michael"]
[Result "1/2-1/2"]
[WhiteElo "2119"]
[BlackElo "2159"]
[PlyCount "94"]
[EventDate "2023.??.??"]

1. e4 c6 2. d3 d5 3. Nd2 e5 4. Ngf3 Nd7 5. g3 Bc5 6. Bg2 Ngf6 7. O-O O-O 8. c3 Re8 9. Qc2 a5 10. Rb1 b5 11. exd5 cxd5 12. d4 Bb6 13. dxe5 Nxe5 14. Nb3 Nxf3+ 15. Bxf3 Bh3 16. Rd1 Qd7 17. Bg5 Bf5 18. Qc1 Bxb1 19. Qxb1 Qe6 20. Nd4 Bxd4 21. Rxd4 h6 22. Bxf6 Qxf6 23. Bxd5 Rad8 24. Rf4 Qxf4 25. gxf4 Rxd5 26. Qc2 g6 27. Kg2 a4 28. Kf3 a3 29. b4 Rc8 30. Ke4 Rh5 31. Qc1 Rc4+ 32. Ke3 Rf5 33. Qxa3 Rcxf4 34. Qa8+ Kh7 35. f3 Rc4 36. Kd3 Rc7 37. Kc2 Rf4 38. Qe8 Rfc4 39. Qxb5 Rxc3+ 40. Kb2 Rc2+ 41. Kb1 Rc1+ 42. Kb2 R1c2+ 43. Kb1 Rxh2 44. Qe5 Rcc2 45. Qf6 Kg8 46. Qd8+ Kg7 47. Qd4+ Kg8 1/2-1/2

[Event "OLNN 2223 Preetzer TSV - Lübecker SV"]
[Site "?"]
[Date "2023.05.07"]
[Round "9.7"]
[White "Bosselmann, Tom Linus"]
[Black "Kornrumpf, Joachim"]
[Result "1-0"]
[WhiteElo "2114"]
[BlackElo "2042"]
[PlyCount "67"]
[EventDate "2023.??.??"]

1. e4 c5 2. Nc3 e6 3. Nge2 a6 4. g3 b5 5. Bg2 Bb7 6. O-O Nf6 7. Re1 Qc7 8. d4 cxd4 9. Nxd4 d6 10. a4 bxa4 11. Rxa4 Be7 12. Rb4 Nfd7 13. Nf5 exf5 14. Rxb7 Qxb7 15. exf5 Nc6 16. Qxd6 Nde5 17. Rxe5 O-O 18. Qxc6 Qxc6 19. Bxc6 Bf6 20. Ra5 Rab8 21. Na4 Rfd8 22. Bf4 Rd1+ 23. Kg2 Rc8 24. Rxa6 Rb1 25. b3 h6 26. Ra8 Rxa8 27. Bxa8 Bd4 28. Be3 Be5 29. Bd5 Bd6 30. c4 Bb4 31. c5 Rd1 32. Bc4 Rd8 33. Nb6 Ba5 34. c6 1-0

[Event "OLNN 2223 Preetzer TSV - Lübecker SV"]
[Site "?"]
[Date "2023.05.07"]
[Round "9.8"]
[White "Dittmann, Hans-Adolf"]
[Black "Engel, Bruno"]
[Result "1-0"]
[WhiteElo "1981"]
[BlackElo "1924"]
[PlyCount "121"]
[EventDate "2023.??.??"]

1. e4 c5 2. Nf3 Nc6 3. d4 cxd4 4. Nxd4 e5 5. Nb5 d6 6. a4 Be7 7. N1c3 a6 8. Na3 Nf6 9. Be2 O-O 10. Be3 Be6 11. O-O Rc8 12. Kh1 Nb4 13. f4 exf4 14. Bxf4 d5 15. e5 Ne4 16. Nxe4 dxe4 17. Be3 Qc7 18. c3 Rfd8 19. Qb1 Nd3 20. Bd4 Bc5 21. Bxd3 Bxd4 22. Bxe4 Bxe5 23. Bxh7+ Kf8 24. Bf5 Bxf5 25. Qxf5 Bxh2 26. Qh7 Be5 27. Rae1 f6 28. Rf5 Kf7 29. Qh5+ Kg8 30. Qg4 Re8 31. Nc2 Bg3 32. Ref1 Kf7 33. Nd4 Rh8+ 34. Rh5 Rce8 35. Rh3 Be5 36. Nf3 Rxh3+ 37. Qxh3 Qc4 38. Qh5+ Ke7 39. Re1 Qf7 40. Qg4 Kd6 41. Nxe5 fxe5 42. Kg1 Rf8 43. Qg3 Qf5 44. Qe3 Kc6 45. a5 Kc7 46. Qc5+ Kb8 47. Qxe5+ Qxe5 48. Rxe5 Rf7 49. Rc5 Rd7 50. b4 Ka7 51. Kf2 b6 52. axb6+ Kxb6 53. Ke3 Rf7 54. Ke4 Rf2 55. g4 Rc2 56. Kd3 Rf2 57. Rf5 Rh2 58. Rg5 Rh7 59. Kc4 Kb7 60. Kc5 Kc7 61. c4 1-0

[Event "OLNN 2223 FC St. Pauli II - Hamburger SK"]
[Site "?"]
[Date "2023.05.07"]
[Round "9.1"]
[White "Gaede, Derek"]
[Black "Trisic, Aleksandar"]
[Result "0-1"]
[WhiteElo "2293"]
[BlackElo "2261"]
[PlyCount "144"]
[EventDate "2023.??.??"]

1. d4 Nf6 2. Nf3 e6 3. Bf4 d5 4. e3 c5 5. Nbd2 Nc6 6. c3 Bd6 7. Bg3 O-O 8. Bd3 b6 9. e4 Be7 10. e5 Nh5 11. h4 Nxg3 12. fxg3 g6 13. a3 a5 14. Qe2 f6 15. h5 g5 16. g4 c4 17. Bc2 Bd7 18. O-O Qc7 19. Qe3 h6 20. exf6 Bxf6 21. Rae1 Rae8 22. Bg6 Re7 23. Ne5 Nxe5 24. dxe5 Bg7 25. Rxf8+ Bxf8 26. Nf3 Rg7 27. Kh1 Bc5 28. Qd2 Qb8 29. Rf1 Be8 30. Bb1 Rf7 31. Qc2 Rg7 32. Qe2 Rf7 33. Re1 Qc8 34. Rf1 Qc7 35. Qc2 Rf4 36. g3 Rxg4 37. Nd4 Bxd4 38. cxd4 Bxh5 39. Rf6 Qg7 40. Qf2 Bf7 41. Bc2 h5 42. Bd1 Qh7 43. Bxg4 hxg4+ 44. Kg1 Qb1+ 45. Qf1 Qxf1+ 46. Kxf1 b5 47. Ke2 b4 48. axb4 axb4 49. Kd2 b3 50. Kc3 Kg7 51. Kb4 Bg8 52. Kc5 c3 53. Rf2 Bh7 54. Kb4 c2 55. Rf1 Bd3 56. Re1 Bc4 57. Kc3 Kg6 58. Kd2 Kf5 59. Ke3 Bb5 60. Kd2 Bc4 61. Re3 Kg6 62. Re1 Kf5 63. Rh1 Ke4 64. Rh6 Kf3 65. Rxe6 Kxg3 66. Rb6 Kf4 67. e6 g3 68. e7 g2 69. Rf6+ Kg4 70. e8=Q c1=Q+ 71. Kxc1 g1=Q+ 72. Kd2 Qxd4+ 0-1

[Event "OLNN 2223 FC St. Pauli II - Hamburger SK"]
[Site "?"]
[Date "2023.05.07"]
[Round "9.2"]
[White "Jahncke, Giso"]
[Black "Holinka, Henning"]
[Result "0-1"]
[WhiteElo "2249"]
[BlackElo "2249"]
[PlyCount "30"]
[EventDate "2023.??.??"]

1. d4 d5 2. c4 e6 3. Nc3 a6 4. cxd5 exd5 5. Qb3 c5 6. Nxd5 cxd4 7. e4 Nc6 8. Bd2 Nf6 9. O-O-O Be6 10. Qxb7 Rc8 11. Nxf6+ Qxf6 12. Kb1 Ba3 13. Qxa6 Bxb2 14. Kxb2 d3+ 15. Bc3 Rb8+ 0-1

[Event "OLNN 2223 FC St. Pauli II - Hamburger SK"]
[Site "?"]
[Date "2023.05.07"]
[Round "9.4"]
[White "Breyther, Ruediger"]
[Black "Hinrichs, Lars"]
[Result "1-0"]
[WhiteElo "2247"]
[BlackElo "2254"]
[PlyCount "117"]
[EventDate "2023.??.??"]

1. e4 d6 2. d4 Nf6 3. Nc3 e5 4. Nf3 Nbd7 5. Bc4 Be7 6. O-O O-O 7. Re1 a6 8. a4 b6 9. b3 Bb7 10. Bb2 c6 11. Bd3 Qc7 12. Ne2 Rfe8 13. Ng3 Bf8 14. c4 g6 15. c5 dxc5 16. dxe5 Ng4 17. e6 fxe6 18. e5 Bg7 19. Qe2 b5 20. a5 Rad8 21. Bc2 Bc8 22. h4 Nh6 23. h5 Nf5 24. hxg6 hxg6 25. Bc1 Rf8 26. Bg5 Rde8 27. Qe4 Rf7 28. Nf1 Nf8 29. N1h2 Nd4 30. Nxd4 cxd4 31. Qxd4 c5 32. Qe3 Bb7 33. Ng4 Qc6 34. f3 Rd7 35. Nf6+ Bxf6 36. Bxf6 Rh7 37. Qg5 Kf7 38. Bd8 c4 39. b4 Qd7 40. Rad1 Bd5 41. Bf6 Qa7+ 42. Re3 Rh5 43. Qf4 Kg8 44. Kf2 Qh7 45. Qg3 Kf7 46. Rd4 Nd7 47. Rf4 Rg8 48. Bh4+ Ke8 49. Rg4 Nf8 50. Bf6 Rh1 51. Rh4 Rxh4 52. Bxh4 Qh5 53. Bf6 Nd7 54. Bg5 Nb8 55. Be4 Bxe4 56. Rxe4 Qh7 57. Qg4 Qa7+ 58. Kg3 Kf7 59. Rf4+ 1-0

[Event "OLNN 2223 FC St. Pauli II - Hamburger SK"]
[Site "?"]
[Date "2023.05.07"]
[Round "9.5"]
[White "Garner, Isaac"]
[Black "Priebe, Jan"]
[Result "0-1"]
[WhiteElo "2373"]
[BlackElo "2238"]
[PlyCount "62"]
[EventDate "2023.??.??"]

1. d4 Nf6 2. Nf3 g6 3. g3 Bg7 4. Bg2 O-O 5. O-O d6 6. Re1 a6 7. a4 Nfd7 8. e4 e5 9. Bg5 f6 10. Be3 Nc6 11. Nc3 Rb8 12. h3 Kh8 13. a5 exd4 14. Nxd4 Nde5 15. Nxc6 bxc6 16. b3 c5 17. f4 Nc6 18. Qd2 Bb7 19. Ra4 Re8 20. Bf2 Qc8 21. Kh2 f5 22. exf5 Qxf5 23. Rae4 Rxe4 24. Bxe4 Qf7 25. Bd5 Qf8 26. Ne4 h6 27. Qe2 Re8 28. Qg4 Ne5 29. fxe5 Bxd5 30. Qf4 Bxe5 31. Nf6 Bc6 0-1

[Event "OLNN 2223 FC St. Pauli II - Hamburger SK"]
[Site "?"]
[Date "2023.05.07"]
[Round "9.6"]
[White "Perez De Miguel, Alvaro"]
[Black "Pulkkinen, Kari"]
[Result "1/2-1/2"]
[WhiteElo "2279"]
[BlackElo "2165"]
[PlyCount "87"]
[EventDate "2023.??.??"]

1. d4 Nf6 2. Nf3 g6 3. Nbd2 Bg7 4. e4 d5 5. e5 Ne4 6. Bd3 Nxd2 7. Bxd2 c5 8. dxc5 O-O 9. O-O Nd7 10. Re1 Nxc5 11. Bf1 Ne4 12. Be3 Be6 13. c4 b6 14. Qc2 Qc7 15. Rad1 Rac8 16. Qb1 Qb7 17. Rd4 f5 18. cxd5 Bxd5 19. Ba6 Qxa6 20. Rxd5 Rc7 21. Red1 Qc4 22. Rd7 Rfc8 23. Rxc7 Qxc7 24. Qd3 e6 25. Qb3 Qc4 26. Qxc4 Rxc4 27. Rd8+ Kf7 28. Rd7+ Kg8 29. g3 Rc2 30. Bd4 g5 31. Rxa7 g4 32. Ne1 Rd2 33. Bxb6 Rxb2 34. Bd4 Rd2 35. Ra4 Bh6 36. Kf1 Rd1 37. Ke2 Rd2+ 38. Kf1 Rd1 39. Be3 Bxe3 40. fxe3 Rd2 41. Ng2 Rd1+ 42. Ne1 Rd2 43. Ng2 Rd1+ 44. Ne1 1/2-1/2

[Event "OLNN 2223 FC St. Pauli II - Hamburger SK"]
[Site "?"]
[Date "2023.05.07"]
[Round "9.8"]
[White "Schleicher, Guido"]
[Black "Weihrauch, Jakob"]
[Result "0-1"]
[WhiteElo "2165"]
[BlackElo "2291"]
[PlyCount "64"]
[EventDate "2023.??.??"]

1. e4 c5 2. Nf3 d6 3. d4 cxd4 4. Nxd4 Nf6 5. Nc3 a6 6. Bg5 e6 7. f4 Be7 8. Qd2 h6 9. Bxf6 Bxf6 10. O-O-O Bd7 11. Kb1 Nc6 12. Nf3 Qc7 13. g4 g5 14. e5 dxe5 15. Ne4 Be7 16. fxe5 Nb4 17. Bg2 Ba4 18. b3 Bc6 19. Nd6+ Bxd6 20. exd6 Qa5 21. c3 Be4+ 22. Ka1 Nc2+ 23. Kb1 Ne3+ 24. Kb2 Nxd1+ 25. Rxd1 O-O-O 26. Qd4 f5 27. Qa7 fxg4 28. b4 Qf5 29. Ne5 Qxe5 30. Bxe4 Qxe4 31. Rd4 Qc6 32. Kb3 Rh7 0-1

[Event "OLNN 2223 SC Diogenes - SC Königsspring"]
[Site "?"]
[Date "2023.05.07"]
[Round "9.1"]
[White "Weber, Max"]
[Black "Schulenburg, Fabian"]
[Result "1-0"]
[WhiteElo "2300"]
[BlackElo "2292"]
[PlyCount "75"]
[EventDate "2023.??.??"]

1. d4 d5 2. c4 e6 3. Nf3 Nf6 4. g3 Be7 5. Bg2 Nbd7 6. Qc2 O-O 7. O-O c5 8. cxd5 Nxd5 9. a3 b6 10. Rd1 Bb7 11. e4 N5f6 12. Nc3 cxd4 13. Nxd4 Qb8 14. Qe2 e5 15. Nf5 Re8 16. Bh6 g6 17. Nxe7+ Rxe7 18. Bg5 Re6 19. Bh3 Rd6 20. Rxd6 Qxd6 21. Rd1 Qc6 22. Bxd7 Nxd7 23. Nd5 Kg7 24. Qd2 Re8 25. f3 Qc5+ 26. Be3 Qd6 27. Bh6+ Kh8 28. Nc7 Qc5+ 29. Kg2 Re7 30. Qg5 Qc2+ 31. Rd2 f6 32. Rxc2 fxg5 33. Bxg5 Rf7 34. Ne8 h6 35. Bxh6 Rh7 36. Bg5 Nc5 37. Rd2 Rh5 38. h4 1-0

[Event "OLNN 2223 SC Diogenes - SC Königsspring"]
[Site "?"]
[Date "2023.05.07"]
[Round "9.2"]
[White "Hochgraefe, Markus"]
[Black "Schmidt, Jan-Peter"]
[Result "0-1"]
[WhiteElo "2369"]
[BlackElo "2266"]
[PlyCount "86"]
[EventDate "2023.??.??"]

1. Nf3 c5 2. c4 g6 3. d4 cxd4 4. Nxd4 Nc6 5. e4 Bg7 6. Be3 Qb6 7. Nb5 Qa5+ 8. N5c3 d6 9. Be2 Qb4 10. Qd2 Nf6 11. f3 Be6 12. a3 Qb3 13. O-O Na5 14. e5 Nd7 15. Nb5 Nxe5 16. Nc7+ Kd7 17. Nxe6 fxe6 18. Bd1 Qd3 19. Be2 Qxd2 20. Nxd2 Rhc8 21. Rac1 b6 22. Rfd1 Ke8 23. b4 Nac6 24. Nb3 Nd7 25. Rc2 Rc7 26. f4 Rac8 27. Rdc1 e5 28. fxe5 Ndxe5 29. c5 bxc5 30. bxc5 d5 31. Kf1 e6 32. Ke1 Rb8 33. Nd4 Nxd4 34. Bxd4 Nd3+ 35. Bxd3 Bxd4 36. a4 Be3 37. Bb5+ Ke7 38. Rd1 Rxc5 39. Rxc5 Bxc5 40. Ke2 Rf8 41. Rf1 Rxf1 42. Kxf1 e5 43. Bc6 Kd6 0-1

[Event "OLNN 2223 SC Diogenes - SC Königsspring"]
[Site "?"]
[Date "2023.05.07"]
[Round "9.3"]
[White "Borgmeyer, Max"]
[Black "Schulenburg, Torben"]
[Result "1/2-1/2"]
[WhiteElo "2201"]
[BlackElo "2238"]
[PlyCount "53"]
[EventDate "2023.??.??"]

1. e4 e6 2. d4 d5 3. Nc3 Bb4 4. e5 c5 5. a3 Bxc3+ 6. bxc3 Ne7 7. Nf3 b6 8. Bb5+ Bd7 9. Bd3 Ba4 10. h4 c4 11. Be2 h6 12. h5 Qd7 13. Nh4 Na6 14. Rh3 O-O-O 15. Bg4 Nc7 16. f4 Rdg8 17. Be3 g6 18. Kd2 Ne8 19. Qh1 f5 20. Be2 g5 21. Ng6 Nxg6 22. hxg6 gxf4 23. Bxf4 Rxg6 24. g3 Nc7 25. Qf3 Qb5 26. Kc1 Qd7 27. Kd2 1/2-1/2

[Event "OLNN 2223 SC Diogenes - SC Königsspring"]
[Site "?"]
[Date "2023.05.07"]
[Round "9.4"]
[White "Kaid, Almar"]
[Black "Wagner, Friedrich"]
[Result "1-0"]
[WhiteElo "2286"]
[BlackElo "2124"]
[PlyCount "75"]
[EventDate "2023.??.??"]

1. Nf3 d5 2. g3 c6 3. Bg2 Nf6 4. c4 Bg4 5. Ne5 Be6 6. cxd5 Bxd5 7. Nf3 c5 8. Nc3 Bc6 9. O-O e6 10. Re1 Be7 11. e4 b6 12. d4 cxd4 13. Nxd4 Bb7 14. e5 Nd5 15. Nf5 exf5 16. Nxd5 Nc6 17. Qa4 Rc8 18. Rd1 O-O 19. Nf6+ Bxf6 20. Rxd8 Bxd8 21. Be3 a6 22. Rc1 b5 23. Qf4 Re8 24. Qxf5 Rxe5 25. Qd7 Re7 26. Qd6 Re6 27. Qd7 Re7 28. Qd3 Re8 29. Qd1 Bf6 30. Rc2 Red8 31. Rd2 Na5 32. Bxb7 Nxb7 33. Bb6 Rf8 34. Rc2 Ra8 35. Qd5 Rab8 36. Bc7 Rfc8 37. Bxb8 Rxb8 38. Qxb7 1-0

[Event "OLNN 2223 SC Diogenes - SC Königsspring"]
[Site "?"]
[Date "2023.05.07"]
[Round "9.5"]
[White "Langmann, Markus"]
[Black "Mach, Holger"]
[Result "1-0"]
[WhiteElo "2048"]
[BlackElo "2209"]
[PlyCount "83"]
[EventDate "2023.??.??"]

1. e4 c5 2. c3 Nf6 3. e5 Nd5 4. d4 cxd4 5. cxd4 e6 6. Nf3 Be7 7. Bd3 b6 8. O-O Bb7 9. a3 O-O 10. Re1 Nc6 11. Qe2 Rc8 12. Qe4 f5 13. exf6 Nxf6 14. Qh4 Na5 15. Nbd2 g6 16. Ng5 Nh5 17. Re5 Nc6 18. Nc4 Nxe5 19. dxe5 Bc5 20. Be3 Qe7 21. Qg4 Rf5 22. Ne4 Rcf8 23. Nxc5 bxc5 24. Bxf5 exf5 25. Qg5 Qe6 26. b3 Qd5 27. f3 Ng7 28. Re1 Ne6 29. Qe7 Nd4 30. Bh6 Ne6 31. Nd6 Qd4+ 32. Kh1 Qf2 33. Rc1 Bxf3 34. gxf3 Qxf3+ 35. Kg1 Qg4+ 36. Kh1 Qf3+ 37. Kg1 Qg4+ 38. Kf2 Qd4+ 39. Kf1 Rb8 40. Qxd7 Qd3+ 41. Ke1 Qxb3 42. Ne8 1-0

[Event "OLNN 2223 SC Diogenes - SC Königsspring"]
[Site "?"]
[Date "2023.05.07"]
[Round "9.6"]
[White "Gottuk, Stefan"]
[Black "Lampe, Joerg"]
[Result "1-0"]
[WhiteElo "2158"]
[BlackElo "2110"]
[PlyCount "125"]
[EventDate "2023.??.??"]

1. d4 d5 2. Bf4 Nf6 3. e3 e6 4. Nd2 Bd6 5. c3 O-O 6. Bd3 c5 7. Bxd6 Qxd6 8. f4 b6 9. a3 Ba6 10. Bb1 cxd4 11. cxd4 Rc8 12. h3 Nbd7 13. Ne2 Bxe2 14. Kxe2 Rc7 15. Bd3 Rac8 16. Ba6 Rd8 17. Rc1 Nb8 18. Rxc7 Qxc7 19. Bd3 Rc8 20. Qb1 g6 21. Nb3 Nbd7 22. Rc1 Qb7 23. Rxc8+ Qxc8 24. Nd2 Qc6 25. Qc2 Qxc2 26. Bxc2 Kf8 27. g4 h5 28. Kf3 hxg4+ 29. hxg4 Ke7 30. b4 Ne8 31. b5 Nd6 32. Bd3 Nf6 33. g5 Nfe8 34. a4 Ng7 35. Ke2 Ngf5 36. Nf3 Kd7 37. Ne5+ Kc7 38. Kd2 Ne7 39. Kc3 Nef5 40. Kd2 Ne7 41. Ke2 Nef5 42. Bxf5 exf5 43. Kd3 Kb7 44. Kc3 a5 45. bxa6+ Kxa6 46. Nc6 b5 47. Nb4+ Ka5 48. axb5 Ne4+ 49. Kb3 Nd2+ 50. Kc2 Kxb5 51. Nxd5 Nc4 52. Kd3 Nb2+ 53. Ke2 Kc4 54. Nb6+ Kb5 55. Nd7 Nc4 56. Kd3 Nd6 57. d5 Kb4 58. Kd4 Nc4 59. Nf6 Nd6 60. e4 fxe4 61. Nxe4 Nf5+ 62. Ke5 Kb5 63. Nd6+ 1-0

[Event "OLNN 2223 SC Diogenes - SC Königsspring"]
[Site "?"]
[Date "2023.05.07"]
[Round "9.7"]
[White "Hloskovsky, Andrei"]
[Black "Kilic, Oguz"]
[Result "1-0"]
[WhiteElo "2081"]
[BlackElo "2045"]
[PlyCount "125"]
[EventDate "2023.??.??"]

1. e4 e6 2. b3 d5 3. Bb2 Nf6 4. e5 Nfd7 5. f4 c5 6. Nf3 Nc6 7. g3 Be7 8. Bg2 O-O 9. O-O b5 10. d3 Bb7 11. h3 Nb6 12. Kh2 d4 13. c4 bxc4 14. dxc4 Qc7 15. Na3 Rad8 16. Nc2 f6 17. Re1 fxe5 18. Nxe5 Nxe5 19. Rxe5 Bxg2 20. Kxg2 Rf6 21. Qe1 Qc6+ 22. Qe4 Qxe4+ 23. Rxe4 Rg6 24. f5 Rf6 25. Rxe6 Rxe6 26. fxe6 Bg5 27. h4 Bh6 28. Ba3 Re8 29. Bxc5 d3 30. Nd4 Be3 31. Rd1 Bxd4 32. Bxd4 Rxe6 33. Bxb6 axb6 34. a4 d2 35. Rxd2 Re3 36. Rb2 Rc3 37. Kh3 h5 38. Kg2 Kh7 39. Kf2 Kg6 40. Kg2 Kh6 41. Kf2 Kg6 42. a5 bxa5 43. Ra2 Rxb3 44. Rxa5 Rc3 45. Rg5+ Kf6 46. c5 g6 47. Ke2 Kg7 48. Kd2 Rc4 49. Kd3 Rc1 50. Kd4 Rc2 51. Kd5 Rc3 52. Kd6 Rd3+ 53. Kc7 Rb3 54. c6 Rd3 55. Kc8 Kf7 56. c7 Ke7 57. Rxg6 Rb3 58. Rg7+ Kf8 59. Rg5 Ke7 60. Rxh5 Rxg3 61. Kb7 Rb3+ 62. Kc6 Rc3+ 63. Rc5 1-0

[Event "OLNN 2223 SC Diogenes - SC Königsspring"]
[Site "?"]
[Date "2023.05.07"]
[Round "9.8"]
[White "Laqua, Christian"]
[Black "Raider, Eugen"]
[Result "1-0"]
[WhiteElo "2072"]
[BlackElo "2059"]
[PlyCount "99"]
[EventDate "2023.??.??"]

1. c4 e6 2. g3 Be7 3. Bg2 Nf6 4. Nf3 d5 5. b3 Nc6 6. Bb2 a5 7. a3 O-O 8. O-O Ne4 9. d3 Nc5 10. Nbd2 Ra6 11. Rb1 d4 12. b4 axb4 13. axb4 Na4 14. b5 Nxb2 15. Rxb2 Rb6 16. c5 Bxc5 17. Qc2 Ba3 18. Rb3 Ne7 19. Rxa3 Rxb5 20. Rb1 Rf5 21. Ra8 b6 22. Qb2 e5 23. Bh3 Rxf3 24. Nxf3 Qd5 25. Rxc8 Nxc8 26. Rc1 Qd6 27. Qb5 c5 28. Bxc8 Rxc8 29. Rb1 Rb8 30. Nd2 f5 31. Nc4 Qe7 32. Qc6 e4 33. Qd5+ Kh8 34. Rxb6 Rd8 35. Qxf5 exd3 36. exd3 Re8 37. Rc6 Qb7 38. Re6 Qb1+ 39. Kg2 Qb7+ 40. Qe4 Qxe4+ 41. Rxe4 Rb8 42. Re5 g6 43. Rxc5 Rb3 44. Ne5 Kg7 45. Rd5 Rb4 46. Nf3 Kh6 47. Rxd4 Rb3 48. Rd7 g5 49. Rd6+ Kh5 50. h3 1-0